000 01035nmm a2200301 a 4500
001 ocm0001916551
003 TR-IsHL
005 20201028174322.0
008 180919s2016 tu tur
007 cr cn
020 _a9786059121774
035 _a1916551
_b(N$T)
050 0 4 _aDR571.5
_b.C53 2016
090 0 4 _aDR571.5
_b.C53 2016
100 1 _aÇibir, Şaban
245 1 0 _aSultan II. Abdülhamit :
_bUlu Hakan: "Cennet mekan"
_h[electronic resource] /
_cŞaban Çibir ; ed. Merve Balkış
250 _a1. Basım
260 _aİstanbul :
_bParola Yayınları,
_c2016
300 _a191 p.
650 4 _aTarih
650 4 _aHistory
650 0 _aAbdülhamit II, Osmanlı padişahı, 1842-1918.
650 0 _aAbdülhamid II, Sultan of the Turks, 1842-1918.
650 0 _aTürkiye
_x Tarihi, 1878-1909.
650 7 _aHISTORY / Middle East / Turkey & Ottoman Empire
_2bisacsh
700 1 _aBalkış, Merve
856 4 0 _uhttp://search.ebscohost.com/login.aspx?direct=true&scope=site&db=e011xww&AN=1916551
999 _c18084
_d18084